| 000 | 02322cam a22004574i 4500 | ||
|---|---|---|---|
| 003 | PE-LiUPU | ||
| 005 | 20250731165359.0 | ||
| 008 | 150923s2007 pe grm 000 0 spa d | ||
| 035 | _a(Sirsi) a154579 | ||
| 040 |
_aPE-LiUPU _bspa _cPE-LiUPU _erda |
||
| 099 |
_aTE 3 _bE79 2007 |
||
| 100 | 1 |
_aEscobedo Eustaquio, Aníbal Tito _eautor |
|
| 245 | 1 | 3 |
_aLa capacitación docente y el conocimiento sobre gestión institucional en la Institución Educativa Chinchango Bajo de Julcán. La Libertad, 2006 / _cAnibal Tito Escobedo Eustaquio. |
| 264 | 0 | _c2007. | |
| 300 |
_a113 hojas _c31 cm |
||
| 336 |
_atext _2rdacontent |
||
| 337 |
_aunmediated _2rdamedia |
||
| 338 |
_avolume _2rdacarrier |
||
| 502 |
_aTesis _b(Mg.) -- _cUniversidad Peruana Unión, _d2007. |
||
| 504 | _aIncluye referencias | ||
| 520 | 3 | _aLa presente investigación se realizo con el propósito de evaluar en qué medida la capacitación docente incide en el nivel de conocimiento sobre gestión institucional en la Institución Educativa Chinchango Bajo de Julcan del departamento de La Libertad durante el año 2006. El tipo de investigación es explicativo. El diseño de investigación. El diseño de investigación es pre experimental pre y post prueba. La población estuvo constituida por 20 profesores de la Institución Educativa Chinchango Bajo. Las técnicas de recolección de datos fueron evaluativos (para obtener información antes, durante y después de la aplicación del estimulo), de fichaje (para el almacenamiento y organización de la información del trabajo de campo y bibliográfico), la encuesta (para evaluar el nivel de conocimiento sobre gestión institucional) y estadística (para procesar la información obtenida). | |
| 526 | _aSEG44 | ||
| 526 | _aSEG26 | ||
| 526 | _aP151 | ||
| 526 | _aP150 | ||
| 526 | _aP149 | ||
| 526 | _aP146 | ||
| 526 | _aP145 | ||
| 526 | _aP126 | ||
| 526 | _aP125 | ||
| 526 | _aP92 | ||
| 526 | _aP75 | ||
| 526 | _aP74 | ||
| 526 | _aP27 | ||
| 526 | _aP15 | ||
| 650 | 0 | 4 |
_aProfesores _xCapacitación _vTesis. |
| 650 | 0 | 4 |
_aProfesores _xGestión educacional _vTesis. |
| 596 | _a1 | ||
| 942 |
_2ddc _cTESIS |
||
| 999 |
_aTE 3 E79 2007 _wALPHANUM _c7280 _iT00997 _lCCODEBUL3 _mBUL _r1 _sY _tTESIS _u2015-9-23 _xPOSGRADO _PP57 _o.STAFF. Tesis _d7280 |
||
| 980 |
_81 _gALBERTO SANCHEZ Responsable de Automatización |
||